000 00438nmm a2200157Ia 4500
008 251105s9999||||xx |||||||||||||||||und||
041 _aspa
100 _aDoyle, Arthur Conan
245 0 _aEstudio en escarlata
264 _a[Madrid, España] :
_bSaga Egmont,
_c2020
300 _a162 páginas
490 _aWorld Classics
650 _aThriller & Suspense
856 _uhttps://public.digitaliapublishing.com/a/99852
942 _cCF
999 _c101020
_d101020